|
|
|
|
| LEADER |
00000 a2200000 4500 |
| 003 |
CL-VaPUC |
| 005 |
20240410102400.0 |
| 008 |
240404t2014 ||||| |||| 00| 0 eng d |
| 999 |
|
|
|c 443199
|d 443197
|
| 020 |
|
|
|a 978-1292015682
|
| 040 |
|
|
|c Pontificia Universidad Católica de Valparaíso
|
| 082 |
|
7 |
|a 621.382 PRO 2014
|2 23
|
| 100 |
|
|
|a Proakis, John G
|9 425071
|e author
|
| 245 |
|
|
|a Fundamentals of communication systems.
|
| 250 |
|
|
|a Second edition.
|b Global Edition.
|
| 260 |
|
|
|a Essex, England:
|b Pearson,
|c 2014.
|
| 300 |
|
|
|a 923 páginas.
|
| 583 |
|
|
|k GC
|c 20240404
|
| 650 |
|
0 |
|a Sistemas de telecomunicaciones
|9 733147
|
| 700 |
|
|
|a Salehi, Masoud
|9 560034
|e author
|
| 942 |
|
|
|2 ddc
|c BK
|
| 952 |
|
|
|0 0
|1 0
|2 ddc
|4 0
|6 621_382000000000000_PRO_2014
|7 0
|8 A
|9 593986
|a BIBING
|b BIBING
|d 2024-04-04
|e 1
|g 78419.00
|i 5660606
|o 621.382 PRO 2014
|p 5660606
|r 2025-01-20
|t 1
|v 78419.00
|w 2024-04-04
|y BK
|k EIE
|